MARC

LEADER 00000nam0a2200000 4500
001 319897
005 20231102003226.0
035 |a (RuTPU)RU\TPU\book\345407 
090 |a 319897 
100 |a 20160615d1945 km y0rusy50 ca 
101 0 |a rus 
102 |a RU 
105 |a a z 001zy 
200 1 |a Переработка сульфитных щелоков  |f Всесоюзный научно-исследовательский институт гидролизной и сульфитно-спиртовой промышленности (ВНИИГС) ; под ред. А. В. Буевского 
210 |a Ленинград  |c Лениздат  |d 1945 
215 |a 164 с.  |c ил. 
225 1 |a Труды Всесоюзного научно-исследовательского института сульфитно-спиртовой и гидролизной промышленности  |v Т. 1 
320 |a Библиогр. в конце ст. 
606 1 |a Щелок сульфитный  |x Переработка  |2 stltpush  |3 (RuTPU)RU\TPU\subj\35006  |9 56807 
610 1 |a качество 
610 1 |a сульфитный щелок 
610 1 |a известковое молоко 
610 1 |a нейтрализация 
610 1 |a кислоты 
610 1 |a баланс 
610 1 |a отгонка 
610 1 |a состав 
610 1 |a гидролизный спирт 
610 1 |a литейные концентраты 
675 |a 667.6  |v 4 
702 1 |a Буевский  |b А. В.  |4 340 
712 0 2 |a Всесоюзный научно-исследовательский институт гидролизной и сульфитно-спиртовой промышленности (ВНИИГС)  |2 stltpush  |3 (RuTPU)RU\TPU\col\17191 
801 1 |a RU  |b 63413507  |c 20160615 
801 2 |a RU  |b 63413507  |c 20200205  |g RCR 
942 |c BK